000 00589nam a2200169Ia 4500
003 GCL
008 140319s9999 xx 000 0 ara d
040 _aGCL /
_cGCL
082 0 4 _a005.3
_bر ف
100 1 _aريتشاردز، ليندا
245 1 0 _aفوتو شوب 4 للماكنتوش والويندوز /
_cريتشاردز، ليندا
260 _aالقاهرة :
_bدار الفاروق للنشر والتوزيع ،
_c2004
300 _a513 ص ؛
_c24 سم
650 0 4 _aالحاسبات الالكترونية - برامج
650 0 4 _aفوتو شوب 4
942 _2ddc
_cBK
999 _c7196
_d7196